| 000 | 00425nam a22001697a 4500 | ||
|---|---|---|---|
| 003 | NUST - PNEC | ||
| 005 | 20170116181126.0 | ||
| 008 | 151005b xxu||||| |||| 00| 0 eng d | ||
| 020 | _a- | ||
| 040 | _cLIBRARY | ||
| 082 | _a671.2 JOS | ||
| 100 |
_913695 _aJoseph, Lionel O. |
||
| 245 |
_aSmall scale aluminum casting _cLionel O. Joseph |
||
| 260 | _cc.1961 | ||
| 650 |
_913696 _aAlumunium casting _xME |
||
| 942 |
_2ddc _cBK |
||
| 999 |
_c69756 _d69756 |
||